Contemporary Islam

Detalles Bibliográficos
Formato: Electrónico Seriadas
Lenguaje:inglés
Publicado: [Dordrecht] : Springer,
Materias:
Acceso en línea:Full text available from Research Library: 06/01/2007 to 1 year ago

MARC

LEADER 00000nas a2200000 a 4500
001 ssj0067857
003 WaSeSS
005 20200512172242.0
006 m d
007 cr n
008 070516c20079999gw fs | eng d
022 |a 1872-0226  |y 1872-0218 
035 |a (WaSeSS)ssj0067857 
040 |a QU  |d WaSeSS 
050 4 |a BP1 
130 0 |a Contemporary Islam 
245 1 0 |a Contemporary Islam  |h [electronic resource]. 
260 |a [Dordrecht] :  |b Springer, 
310 |a 3 issues yearly 
362 0 |a Vol. 1, no. 1 (June, 2007)- 
506 |a License restrictions may limit access. 
650 0 |a Islam  |y 20th century  |v Periodicals. 
650 0 |a Islam  |y 21st century  |v Periodicals. 
655 0 |a Electronic journals. 
856 4 0 |z Full text available from Research Library: 06/01/2007 to 1 year ago  |u https://search.proquest.com/publication/54249